LEADER 01257nam a2200301 i 4500 001 991003767509707536 008 060904s2007 nyua b 001 0 eng d 020 $a1418029874 035 $ab13748294-39ule_inst 040 $aDip.to Ingegneria dell'Innovazione$beng 082 0 $a604.2$222 100 1 $aMadsen, David A.$0626751 245 10$aEngineering drawing and design /$cDavid A. Madsen, David P. Madsen, J. Lee Turpin 250 $a4th ed. 260 $aClifton Park, NY :$bDelmar Thomson Learning,$cc2007 300 $axxvii, 1105 p. :$bill. ;$c29 cm. +$e1 CD-ROM 440 0$aDrafting and design series 504 $aIncludes bibliographical references and index 650 4$aMechanical drawing 700 1 $aMadsen, David P. 700 1 $aTurpin, J. Lee 907 $a.b13748294$b28-01-14$c02-07-08 912 $a991003767509707536 945 $aLE026 604.2 MAD 01.01 2007$g1$i2026000031606$lle026$nProf. Morabito / Biblioteca$op$pE106.15$q-$rl$s- $t4$u1$v0$w1$x0$y.i14791900$z02-07-08 945 $aLE026 cd-rom n. 216$ccd$g1$i2026000041797$lle026$o-$pE0.00$q-$rl$s- $t4$u1$v0$w1$x0$y.i14793088$z03-07-08 996 $aEngineering drawing and design$91226622 997 $aUNISALENTO 998 $ale026$b04-09-06$cm$da $e-$feng$gnyu$h0$i0